000 01661nam0a2200373 4500
001 RU\NLR\BIBL_A\022196726
005 20240718145717.0
010 _a978-5-94831-214-9
_915
021 _aRU
_bАЛ-П-24-00175и
_9АЛ-П-24-0034
035 _a(NLR Aleph) 022196726
090 _a13030740
_c13030740
100 _a20240415d2023 u y0rusy50 ca
101 0 _arus
102 _aRU
105 _aac z 010yd
181 0 _ab3
_bxb2e
181 0 _ai2
_baxxe
182 0 _an
200 1 _aК 120-летию А. И. Лейпунского
_eфотоальбом
203 _aИзображение
_aТекст
_bвизуальные
_cнепосредственные
210 _aДмитровград
_cАО "ГНЦ НИИАР"
_d2023
215 _a[21] с.
_cил., портр., цв. ил.
_d20
300 _aНа 2-й с. авт.: Лейпуновский А. И., ученый, физик-экспериментатор
600 1 _aЛейпунский
_bА.И.
_f1903 - 1972
_gАлександр Ильич
_92514266
_3RU\NLR\AUTH\661490283
606 1 _aБОР-60, ядерные реакторы
_jФотоальбомы
_92092479
_3RU\NLR\AUTH\661266386
606 1 _aМБИР, ядерные реакторы
_jФотоальбомы
_92594367
_3RU\NLR\AUTH\6601742567
686 1 _aВ38д(2)Лейпунский А. И.
686 1 _aЦ901д(2)Лейпунский А. И.
686 1 _aЗ460.3я61
702 1 _4280
_7ca
_8rus
_aЛейпунский
_bА. И.
_cфизик
_f1907-1972
_gАлександр Ильич
_969317
_3RU\NLR\AUTH\7786389
942 _cBOOK
980 _aNB